| 000 | 00557nam a22001937a 4500 | ||
|---|---|---|---|
| 003 | OSt | ||
| 005 | 20140310181713.0 | ||
| 008 | 121212t xxu||||| |||| 00| 0 eng d | ||
| 020 | _a9712718557 | ||
| 050 |
_aPN 6519 _bC154 2007 |
||
| 082 |
_aFIL 808 _bC12 2007 |
||
| 100 | _aCalixihan, Jovito O. | ||
| 245 |
_aMga talinghagang Filipino-English : _b(Filipino-English figures of speech) / _cJovito O. Calixihan. |
||
| 260 |
_aPasig City : _bAnvil, _c2007. |
||
| 300 |
_a153 p. : _c21 cm. |
||
| 650 |
_aSpeech _xFigures |
||
| 942 |
_2lcc _cBK |
||
| 999 |
_c1667 _d1667 |
||